00496nam a2200157Ia 450000500170000000800410001708200130005810000110007124500340008226000790011630000120019565000150020794200060022295200950022899900150032320240604043038.0240331s9999 xx 000 0 und d bKAUa370 aKaur,K 0aEducation in India(1781-1985) aChandigarhbCentre for Research in Rural and Industrial Development c1985 a543 p., aEducation  cL 001040708LaWERCLbWERCLcSSCd2024-03-31l0o 370 KAUp6545r2024-03-31w2024-03-31yL c4606d4606